Škola podnikových financií. 4 - Finančné zdroje podniku

Získavanie vlastných interných zdrojov: financovanie zo zisku a z odpisov. Samofinancovanie. Odpisový plán. Metódy odpisovania.

Gespeichert in:
Bibliographische Detailangaben
1. Verfasser: Daniel, Peter
Weitere Verfasser: Krištofík, Peter
Format: Buchkapitel
Sprache:Slowakisch
Schlagworte:
Tags: Tag hinzufügen
Keine Tags, Fügen Sie das erste Tag hinzu!

MARC

LEADER 00000naa a2200000 4500
001 r020951
005 20230801103221.8
041 0 |a slo 
044 |a SK 
245 1 0 |a Škola podnikových financií. 4 - Finančné zdroje podniku  |c Peter Daniel, Peter Krištofík 
520 |a Získavanie vlastných interných zdrojov: financovanie zo zisku a z odpisov. Samofinancovanie. Odpisový plán. Metódy odpisovania. 
610 2 0 |a financovanie podnikov 
610 2 0 |a financie podnikové 
610 2 0 |a samofinancovanie 
610 2 0 |a odpisy 
610 2 0 |a zisk 
100 1 |a Daniel, Peter 
700 1 |a Krištofík, Peter